Welcome to WEB OPAC of MRSPTU Central Library

Power system optimization (Record no. 4439)

MARC details
000 -LEADER
fixed length control field 00452nam a2200181Ia 4500
008 - FIXED-LENGTH DATA ELEMENTS--GENERAL INFORMATION
fixed length control field 230711s9999||||xx |||||||||||||| ||und||
020 ## - INTERNATIONAL STANDARD BOOK NUMBER
International Standard Book Number 978-81-203-4085-5
041 ## - LANGUAGE CODE
Language code of text/sound track or separate title ENG
082 ## - DEWEY DECIMAL CLASSIFICATION NUMBER
Classification number 621.319
Item number KO-P
100 ## - MAIN ENTRY--PERSONAL NAME
Personal name Kothari,D.P
245 #0 - TITLE STATEMENT
Title Power system optimization
250 ## - EDITION STATEMENT
Edition statement 2nd Ed.
260 ## - PUBLICATION, DISTRIBUTION, ETC.
Date of publication, distribution, etc. 2011
Place of publication, distribution, etc. New Delhi
Name of publisher, distributor, etc. PHI Learning Private Limited
300 ## - PHYSICAL DESCRIPTION
Extent 708
650 ## - SUBJECT ADDED ENTRY--TOPICAL TERM
Topical term or geographic name entry element Electrical Engineering
700 ## - ADDED ENTRY--PERSONAL NAME
Personal name Dhillon,J.S
942 ## - ADDED ENTRY ELEMENTS (KOHA)
Koha item type Book
Holdings
Withdrawn status Lost status Damaged status Not for loan Collection Home library Current library Date acquired Total checkouts Full call number Barcode Date due Date last seen Date last checked out Price effective from Koha item type
          MRSPTU Central Library MRSPTU Central Library   1 621.319 KO-P 15154 09/26/2023 09/26/2023 09/26/2023 08/17/2023 Book
          MRSPTU Central Library MRSPTU Central Library     621.319 KO-P 15155   08/17/2023   08/17/2023 Book
          MRSPTU Central Library MRSPTU Central Library     621.319 KO-P 15156   08/17/2023   08/17/2023 Book
          MRSPTU Central Library MRSPTU Central Library     621.319 KO-P 15157   08/17/2023   08/17/2023 Book
          MRSPTU Central Library MRSPTU Central Library     621.319 KO-P 15158   08/17/2023   08/17/2023 Book
          MRSPTU Central Library MRSPTU Central Library     621.319 KO-P 15159   08/17/2023   08/17/2023 Book
          MRSPTU Central Library MRSPTU Central Library     621.319 KO-P 19157   08/17/2023   08/17/2023 Book
          MRSPTU Central Library MRSPTU Central Library     621.319 KO-P 19158   08/17/2023   08/17/2023 Book
          MRSPTU Central Library MRSPTU Central Library     621.319 KO-P 19159   08/17/2023   08/17/2023 Book
          MRSPTU Central Library MRSPTU Central Library     621.3 KO-P 32191   08/17/2023   08/17/2023 Book
          MRSPTU Central Library MRSPTU Central Library     621.3 KO-P 32192   08/17/2023   08/17/2023 Book
          MRSPTU Central Library MRSPTU Central Library     621.3 KO-P 32193   08/17/2023   08/17/2023 Book
          MRSPTU Central Library MRSPTU Central Library     621.3 KO-P 32194   08/17/2023   08/17/2023 Book
          MRSPTU Central Library MRSPTU Central Library     621.3 KO-P 32195   08/17/2023   08/17/2023 Book
          MRSPTU Central Library MRSPTU Central Library     621.3 KO-P 32196   08/17/2023   08/17/2023 Book
          MRSPTU Central Library MRSPTU Central Library     621.3 KO-P 32197   08/17/2023   08/17/2023 Book
          MRSPTU Central Library MRSPTU Central Library     621.3 KO-P 32198   08/17/2023   08/17/2023 Book

Website Designed and Developed by MRSPTU Central Library Team

E-mail Id: librarian@mrsptu.ac.in